| 000 | 00507pam a2200181 a 4500 | ||
|---|---|---|---|
| 020 | _a0077091477 (pbk. : alk. paper) | ||
| 040 | _cDLC | ||
| 082 | 0 | 0 | _a547 HIL 1995 A057 Or. |
| 100 | 1 | _aWilliams, Dudley H. | |
| 245 | 1 | 0 | _aSpectroscopic methods in organic chemistry / |
| 250 | _a5th ed. | ||
| 260 |
_aLondon ; _aNew York : _bMcGraw-Hill, _cc1995. |
||
| 300 |
_axiii, 329 p. : _bill. ; _c24 cm. |
||
| 650 | 0 | _aChemistry, Organic. | |
| 650 | 0 | _aSpectrum analysis. | |
| 700 | 1 | _aFleming, Ian, | |
| 942 | _cEK | ||
| 999 |
_c14072 _d14072 |
||